[Event "Nachod op"]
[Site "Nachod"]
[Date "2009.07.12"]
[Round "9"]
[White "Ivekovic, Bozidar1111"]
[Black "Srejber, Michal"]
[Result "1/2-1/2"]
[WhiteElo "1954"]
[BlackElo "2149"]
[PlyCount "61"]
[EventDate "2009.07.04"]
[EventType "swiss"]
[EventRounds "9"]
[EventCountry "CZE"]
[SourceTitle "CBM 131 Extra"]
[Source "ChessBase"]
[SourceDate "2009.09.03"]
[SourceVersion "2"]
[SourceVersionDate "2009.09.16"]
[SourceQuality "1"]

1. e4 c5 2. Nf3 Nc6 3. Bb5 g6 4. 0-0 Bg7 5. d3 Qc7 6. c3 Nf6 7. Re1 0-0 8. Bg5 d6 9. Ba4 h6 10. Bh4 g5 11. Bg3 Nh5 12. Nbd2 Nxg3 13. hxg3 Bg4 14. Nf1 Rab8 15. Bc2 Bh5 16. Ne3 e6 17. Qd2 Rbc8 18. Rac1 Ne7 19. g4 Bg6 20. d4 cxd4 21. cxd4 Qb8 22. Bb1 Rxc1 23. Rxc1 Rc8 24. Rd1 d5 25. exd5 Bxb1 26. Rxb1 Nxd5 27. Nxd5 exd5 28. Qa5 b5 29. Re1 Rc4 30. b3 Rc2 31. g3 1/2-1/2

[Event "Nachod op"]
[Site "Nachod"]
[Date "2009.07.09"]
[Round "6"]
[White "Nguyen, Piotr"]
[Black "Srejber, Michal"]
[Result "0-1"]
[WhiteElo "2368"]
[BlackElo "2149"]
[PlyCount "56"]
[EventDate "2009.07.04"]
[EventType "swiss"]
[EventRounds "9"]
[EventCountry "CZE"]
[SourceTitle "CBM 131 Extra"]
[Source "ChessBase"]
[SourceDate "2009.09.03"]
[SourceVersion "2"]
[SourceVersionDate "2009.09.16"]
[SourceQuality "1"]

1. g3 c5 2. Bg2 Nc6 3. Nf3 Nf6 4. 0-0 d6 5. c4 e5 6. d3 Be7 7. Nc3 Bg4 8. a3 Qd7 9. Nd5 Bd8 10. Bd2 Bh3 11. b4 cxb4 12. axb4 h5 13. e4 h4 14. b5 hxg3 15. Bxh3 Qxh3 16. bxc6 Ng4 17. fxg3 Nxh2 18. Qe2 Nxf3+ 19. Kf2 Nd4 20. Rh1 Qh2+ 21. Rxh2 Rxh2+ 22. Kf1 Nxe2 23. cxb7 Rb8 24. Rxa7 Nd4 25. Bb4 Kd7 26. Bxd6 Kxd6 27. Nb4 Bb6 28. c5+ Bxc5 0-1

[Event "Nachod op"]
[Site "Nachod"]
[Date "2009.07.08"]
[Round "5"]
[White "Srejber, Michal"]
[Black "Gromczak, Dariusz"]
[Result "1-0"]
[WhiteElo "2149"]
[BlackElo "2057"]
[PlyCount "85"]
[EventDate "2009.07.04"]
[EventType "swiss"]
[EventRounds "9"]
[EventCountry "CZE"]
[SourceTitle "CBM 131 Extra"]
[Source "ChessBase"]
[SourceDate "2009.09.03"]
[SourceVersion "2"]
[SourceVersionDate "2009.09.16"]
[SourceQuality "1"]

1. e4 c5 2. Nf3 Nc6 3. d4 cxd4 4. Nxd4 g6 5. Nc3 Bg7 6. Be3 Nf6 7. Nxc6 bxc6 8. e5 Ng8 9. Bd4 Qa5 10. e6 Nf6 11. exd7+ Bxd7 12. Bc4 0-0 13. 0-0 e5 14. Be3 Bf5 15. a3 Rfd8 16. Qf3 e4 17. Qg3 Nh5 18. Qh4 Qe5 19. Rad1 Bf6 20. Bg5 Rd4 21. Be2 Bxg5 22. Qxg5 f6 23. Qe3 c5 24. g4 Nf4 25. gxf5 gxf5 26. Kh1 Rad8 27. Qg3+ Ng6 28. Qxe5 fxe5 29. Nb5 Nf4 30. Bc4+ Kg7 31. Rg1+ Kf6 32. Nxd4 exd4 33. Rg8 Rd7 34. b4 cxb4 35. axb4 Ng6 36. Rc8 Ne5 37. Bb5 Rb7 38. Rc5 Nf3 39. Be2 Rxb4 40. Bxf3 exf3 41. Rd5 Rb2 42. R5xd4 Rxc2 43. R4d2 1-0

[Event "Nachod op"]
[Site "Nachod"]
[Date "2009.07.07"]
[Round "4"]
[White "Rutter, Lidmila"]
[Black "Srejber, Michal"]
[Result "0-1"]
[WhiteElo "1888"]
[BlackElo "2149"]
[PlyCount "84"]
[EventDate "2009.07.04"]
[EventType "swiss"]
[EventRounds "9"]
[EventCountry "CZE"]
[SourceTitle "CBM 131 Extra"]
[Source "ChessBase"]
[SourceDate "2009.09.03"]
[SourceVersion "2"]
[SourceVersionDate "2009.09.16"]
[SourceQuality "1"]

1. e4 c5 2. f4 e6 3. Nf3 Qc7 4. g3 Be7 5. c4 h5 6. Bg2 h4 7. Ne5 Bf6 8. Nc3 a6 9. d3 Ne7 10. Nxf7 Kxf7 11. e5 Nbc6 12. exf6 gxf6 13. Be3 b6 14. Qd2 Bb7 15. 0-0-0 Nf5 16. Bf2 Rag8 17. Ne4 Ncd4 18. Rhg1 hxg3 19. hxg3 Rh2 20. Nxf6 Rxg3 21. Bxg3 Nxg3 22. Ne4 Nde2+ 23. Kb1 Nxg1 24. Rxg1 Nxe4 25. dxe4 Bxe4+ 26. Kc1 Rxg2 27. Rxg2 Bxg2 28. Qxg2 Qxf4+ 29. Kb1 Qxc4 30. Qf3+ Ke7 31. a3 Qd5 32. Qe2 c4 33. Ka1 b5 34. Qe1 Kd6 35. Qa5 Qc6 36. Ka2 Kc5 37. Qb4+ Kb6 38. a4 a5 39. Qc3 b4 40. Qd4+ Kb7 41. Kb1 Qh1+ 42. Kc2 b3+ 0-1

[Event "CZE-chT2C 0809"]
[Site "Czech Republic"]
[Date "2009.04.05"]
[Round "11.4"]
[White "Kastner, Oldrich"]
[Black "Srejber, Michal"]
[Result "0-1"]
[WhiteElo "2145"]
[BlackElo "2137"]
[PlyCount "128"]
[EventDate "2008.10.12"]
[EventType "team-tourn"]
[EventRounds "11"]
[EventCountry "CZE"]
[SourceTitle "EXT 2010"]
[Source "ChessBase"]
[SourceDate "2010.11.25"]
[SourceVersion "1"]
[SourceVersionDate "2010.11.25"]
[SourceQuality "1"]
[WhiteTeam "Polabiny III"]
[BlackTeam "Vrchlabi"]
[WhiteTeamCountry "CZE"]
[BlackTeamCountry "CZE"]

1. e4 c5 2. Nf3 Nc6 3. Bb5 g6 4. 0-0 Bg7 5. c3 Qb6 6. Qe2 e5 7. Na3 Nge7 8. Nc4 Qc7 9. Qd3 0-0 10. Qd6 Qxd6 11. Nxd6 a6 12. Be2 h6 13. a4 f5 14. Bc4+ Kh7 15. d3 Na5 16. Ba2 b6 17. Bd2 Bb7 18. b4 Rf6 19. bxc5 bxc5 20. Nxb7 Nxb7 21. Rab1 Nd8 22. Nxe5 Rd6 23. Nf3 Rxd3 24. Bc4 Rd6 25. Bf4 Rc6 26. exf5 gxf5 27. Rfe1 Ne6 28. Bxe6 dxe6 29. c4 Ng6 30. Bb8 Rc8 31. Bd6 Rc6 32. Bb8 Rc8 33. Bd6 Rc6 34. Be5 Nxe5 35. Nxe5 Rd6 36. Rb7 Kg8 37. f4 Rd4 38. g3 Rd2 39. Rb6 Rad8 40. Rxe6 Ra2 41. Nf3 Rd3 42. R6e3 Rxe3 43. Rxe3 Rxa4 44. Ne5 Bxe5 45. Rxe5 Rxc4 46. Rxf5 a5 47. Rf6 Kg7 48. Ra6 a4 49. Ra5 Kf6 50. Kf2 Ke6 51. Ke3 Kd5 52. Kd3 h5 53. Ra8 Rd4+ 54. Ke3 Rb4 55. Rd8+ Kc4 56. f5 Rb6 57. Ra8 Kb3 58. h3 c4 59. g4 c3 60. Rc8 hxg4 61. hxg4 a3 62. g5 a2 63. Ra8 c2 64. Kd2 Rd6+ 0-1

[Event "CZE-ch U16"]
[Site "Kouty nad Desnou"]
[Date "2009.03.13"]
[Round "8"]
[White "Gabriel, Adam"]
[Black "Srejber, Michal"]
[Result "1/2-1/2"]
[WhiteElo "1977"]
[BlackElo "2131"]
[PlyCount "201"]
[EventDate "2009.03.07"]
[EventType "swiss"]
[EventRounds "9"]
[EventCountry "CZE"]
[SourceTitle "EXT 2011"]
[Source "ChessBase"]
[SourceDate "2010.11.26"]
[SourceVersion "1"]
[SourceVersionDate "2010.11.26"]
[SourceQuality "1"]

1. e4 c5 2. c3 Nf6 3. e5 Nd5 4. d4 Nc6 5. f4 cxd4 6. cxd4 d6 7. Nc3 dxe5 8. fxe5 Bf5 9. a3 Qa5 10. Qb3 Ndb4 11. Kf2 0-0-0 12. Be3 Nc2 13. Rd1 Nxe3 14. Kxe3 Nxd4 15. Qc4+ Nc6 16. Rxd8+ Kxd8 17. Nf3 Nxe5 18. Qd4+ Nd7 19. Bb5 e5 20. Qd5 Qb6+ 21. Ke2 Be6 22. Qd3 Bd6 23. Rd1 Ke7 24. Ne4 Nc5 25. Qxd6+ Qxd6 26. Nxd6 e4 27. b4 exf3+ 28. gxf3 a6 29. bxc5 axb5 30. Nxb7 Ra8 31. Ra1 Rc8 32. Rc1 Bc4+ 33. Ke3 Rc7 34. Nd6 Rxc5 35. Nxb5 Rxb5 36. Rxc4 Rb3+ 37. Kf4 Rxa3 38. Rc7+ Ke6 39. Rc6+ Kd7 40. Rb6 Ra7 41. Rb8 Ke7 42. Rh8 h6 43. Rb8 Ra4+ 44. Kg3 Kf6 45. Rb5 Kg6 46. Rb6+ f6 47. Rb7 f5 48. Rc7 Kf6 49. h4 Ra6 50. Rb7 Kg6 51. Re7 Rd6 52. Ra7 Kf6 53. Rb7 h5 54. Rb8 Ke5 55. Rb5+ Rd5 56. Rb7 g6 57. Rb6 f4+ 58. Kh3 Rd6 59. Rb5+ Kd4 60. Kg2 Rc6 61. Rb4+ Rc4 62. Rb6 Rc2+ 63. Kh3 Rf2 64. Rxg6 Rxf3+ 65. Kg2 Re3 66. Rg5 Ke4 67. Rxh5 Re2+ 68. Kf1 Kf3 69. Ra5 Rh2 70. Ra3+ Kg4 71. Kg1 Rb2 72. Rc3 Kxh4 73. Rf3 Rb1+ 74. Kg2 Kg4 75. Ra3 Rb2+ 76. Kg1 Re2 77. Rb3 Re3 78. Rb2 Rh3 79. Rb8 Kg3 80. Rg8+ Kf3 81. Ra8 Rh6 82. Ra3+ Kg4 83. Kg2 Rb6 84. Rc3 Rb2+ 85. Kg1 Re2 86. Ra3 Re3 87. Ra2 Kf3 88. Rf2+ Ke4 89. Ra2 Kf3 90. Rf2+ Kg3 91. Rg2+ Kh4 92. Ra2 Rg3+ 93. Kh1 f3 94. Ra8 Rg2 95. Ra3 Rg3 96. Ra8 f2 97. Rf8 Rg1+ 98. Kh2 f1R 99. Rh8+ Kg4 100. Rg8+ Kf3 101. Rxg1 1/2-1/2

[Event "CZE-ch U16"]
[Site "Kouty nad Desnou"]
[Date "2009.03.09"]
[Round "3"]
[White "Srejber, Michal"]
[Black "Kracik, Tomas"]
[Result "0-1"]
[WhiteElo "2131"]
[BlackElo "2002"]
[PlyCount "98"]
[EventDate "2009.03.07"]
[EventType "swiss"]
[EventRounds "9"]
[EventCountry "CZE"]
[SourceTitle "EXT 2011"]
[Source "ChessBase"]
[SourceDate "2010.11.26"]
[SourceVersion "1"]
[SourceVersionDate "2010.11.26"]
[SourceQuality "1"]

1. e4 e5 2. Nf3 Nf6 3. Bc4 Nc6 4. Ng5 d5 5. exd5 Na5 6. Bb5+ c6 7. dxc6 bxc6 8. Be2 h6 9. Nf3 e4 10. Ne5 Bd6 11. d4 0-0 12. Nd2 c5 13. c3 cxd4 14. cxd4 Rb8 15. 0-0 Qc7 16. f4 Be6 17. Nb1 Nc6 18. Nxc6 Qxc6 19. Nc3 Rfd8 20. f5 Bc4 21. Qe1 Bc7 22. Bxc4 Qxc4 23. Ne2 Rd5 24. b3 Qd3 25. Bb2 Qe3+ 26. Kh1 Qg5 27. Bc1 e3 28. h4 Qg4 29. Bxe3 Nh5 30. Rf3 Rxf5 31. Rxf5 Qxf5 32. Qf2 Qg4 33. Kg1 Ng3 34. Nxg3 Bxg3 35. Qf3 Qxh4 36. Rc1 Re8 37. Rc5 Qh2+ 38. Kf1 Qh1+ 39. Ke2 Qe1+ 40. Kd3 Qb1+ 41. Rc2 Rc8 42. Qe2 Be1 43. d5 Rc3+ 44. Kd4 Rxc2 45. Qd3 Qb2+ 46. Ke4 f5+ 47. Kxf5 Qf6+ 48. Ke4 Qg6+ 49. Kd4 Bc3+ 0-1